| 000 | 00790cam5a220024100 4500 | ||
|---|---|---|---|
| 001 | tmp15696254 | ||
| 003 | UPRA | ||
| 005 | 20190822122423.0 | ||
| 008 | 951005s1967 enk eng u | ||
| 035 | _a(Sirsi) r95718 | ||
| 035 | _a(UPRA)tmp15696254 | ||
| 040 | _cUPRA | ||
| 100 | 1 |
_aKay, Francis Xavier. _6A19572.1 |
|
| 245 | 1 | 0 |
_aPneumatics for industry : _bprinciples of equipment and circuit design. |
| 260 |
_aBrighton : _bMachinery Pub. Co., _c[1967] |
||
| 440 | 0 |
_aMachinery's standard reference series _6S3787.1 |
|
| 500 | _aFirst published 1959. | ||
| 650 | 0 |
_aPneumatics. _6S42250.1 |
|
| 650 | 0 |
_aMachinery, Pneumatic. _6S42251.1 |
|
| 949 |
_aTJ950 _wlcc _i-135227 _mMAIN _tBOOK _lON-SHELF |
||
| 949 |
_aTJ950 _wlcc _i33729001893846 _mMAIN _p2500 _tBOOK _lON-SHELF |
||
| 004 | 95718 | ||
| 999 |
_c135635 _d135635 |
||